Internal-combustion engines (Record no. 20584)

000 -LEADER
fixed length control field 00522nam a22001931 4500
001 - CONTROL NUMBER
control field 20584
003 - CONTROL NUMBER IDENTIFIER
control field BD-DhUET
008 - FIXED-LENGTH DATA ELEMENTS--GENERAL INFORMATION
fixed length control field 750306s1945 nyua b 000 0 eng
040 ## - CATALOGING SOURCE
Original cataloging agency DLC
Transcribing agency DLC
Modifying agency BD-DhUET
082 ## - DEWEY DECIMAL CLASSIFICATION NUMBER
Classification number 621.43
Item number MAL/1945
100 ## - MAIN ENTRY--PERSONAL NAME
Personal name Maleev, V. L.
245 10 - TITLE STATEMENT
Title Internal-combustion engines
Remainder of title theory and design
250 ## - EDITION STATEMENT
Edition statement 2nd ed.
260 ## - PUBLICATION, DISTRIBUTION, ETC. (IMPRINT)
Place of publication, distribution, etc. London
Name of publisher, distributor, etc. McGraw-Hill
Date of publication, distribution, etc. 1945
300 ## - PHYSICAL DESCRIPTION
Extent xii, 636 p.
Other physical details ill.
Dimensions 22 cm.
504 ## - BIBLIOGRAPHY, ETC. NOTE
Bibliography, etc Includes bibliographies
650 #0 - SUBJECT ADDED ENTRY--TOPICAL TERM
Topical term or geographic name as entry element Internal combustion engines
942 ## - ADDED ENTRY ELEMENTS (KOHA)
Koha item type General Book
Holdings
Source of classification or shelving scheme Price effective from Sublocation or collection (holding branch) Not for loan Lost status Location (home branch) Date acquired Koha normalized classification for sorting Piece designation (barcode) Damaged status Koha full call number Koha date last seen Shelving location Copy number Koha item type Withdrawn status
 2015-04-12Central Library, BUET  Central Library, BUET2015-04-12621_430000000000000_MAL_194520397 621.43/MAL/19452015-04-12Circulation section1General Book 
 2015-04-13Central Library, BUET  Central Library, BUET2015-04-13621_430000000000000_MAL_19456558 621.43/MAL/19452015-04-13Circulation section2General Book 
 2015-04-13Central Library, BUET  Central Library, BUET2015-04-13621_430000000000000_MAL_19451951a 621.43/MAL/19452015-04-13Circulation section3General Book 
 2015-04-18Central Library, BUET  Central Library, BUET2015-04-18621_430000000000000_MAL_194511309 621.43/MAL/19452015-04-18Circulation section4General Book 
 2015-06-16Central Library, BUET  Central Library, BUET2015-06-16621_430000000000000_MAL_194543348 621.43/MAL/19452015-06-16Reading section5Reading Item 
 2015-06-30Central Library, BUET  Central Library, BUET2015-06-30621_430000000000000_MAL_194516327 621.43/MAL/19452015-06-30Reading section6Reading Item 
 2015-07-02Central Library, BUET  Central Library, BUET2015-07-02621_430000000000000_MAL_194543347 621.43/MAL/19452015-07-02Reading section7Reading Item